| 000 | 02500 a2200193 4500 | ||
|---|---|---|---|
| 001 | 39836 | ||
| 005 | 20260407155654.0 | ||
| 008 | 260407a1969 arg spa d | ||
| 003 | AR-UNSa-BCEJYS | ||
| 040 |
_aAR-UNSa-BCEJYS _bspa _cAR-UNSa-BCEJYS |
||
| 080 |
_a330(8) _xEconomía de América del Sur. Estados y Regiones de América del Sur. América Latina. Iberoamérica |
||
| 245 | 1 | 0 | _aLa economía latinoamericana desde la conquista ibérica hasta la revlución cubana |
| 264 | 1 |
_aMéxico : _bSiglo Veintiuno editores _c1969 |
|
| 300 |
_a311 p. _c22 cm. |
||
| 505 | _aParte I: De la conquista a la formación de los estados nacionales: 1. Introducción, cuadro físico y evolución demográfica - 2. Bases económicas y sociales de la ocupación territorial - 3. La mitad del siglo XIX - Parte II:Inserción en el sistema de división internacional del trabajo: 4. La transformación del comercio internacional en la segunda mitad del siglo XIX y sus efectos en américa latina - 5. La reorientación de la economía internacional en el siglo actual - 6. Algunos indicadores del grado de desarrollo alcanzado en américa latina - Parte III: El cuadro de las estructuras tradicionales : 7. Caracteristicas de las estructuras agrarias - 8. Disribución y utilización del ingreso social - 9. Los sistemas monetarios y cambiaros - Parte IV: Caracteristicas del proceso de industrialización : 10. El proceso de indsutrialización (parte I) - 11. El proceso de industrialización: situación de importaciones - 12. Los desequilibrios provocados por la indistrialización sustitutiva de importaciones: La inflación estructural - Parte V: Crecimiento y estagnación en el periodo reciente: 12. Evolución de las estructuras macroeconómicas - 14. El sector agropecuario - 15. El sector industrial - 16. Declinación en la tasa de crecimiento - Parte VI: Las relaciones internacionales : 17. Las formas tradicionales de la dependencia externa - 18. Las nuevas formas de dependencia externa - 19. En busca de la reestructuración de la economía internacional - Parte VII: Las relaciones intrarregionales - 20. El proceso de integración en américa central - 21. El alalc y el grupo andino - Parte VIII: Políticas de reconstrucción estructural :22. Ensayos de planificación económica - 23. Las reformas agrarias - 24. Aspectos económicos de la revolución cubana - 25. Tendencias actuales y perspectivas. | ||
| 942 | _cBK | ||
| 590 | _aniveau_biblio:m niveau_hierar:0 | ||
| 100 | 1 | _aFurtado, Celso | |
| 999 |
_c3114 _d3114 |
||